| 000 | 00428nam a2200169Ia 4500 | ||
|---|---|---|---|
| 008 | 221030s9999 xx 000 0 und d | ||
| 020 | _a9332550230 | ||
| 041 | _aEnglish | ||
| 100 | _aA. V. Oppenheim | ||
| 245 | 0 |
_aSignals & Systems _cby A. V. Oppenheim, A. S. Willsky |
|
| 250 | _a2nd | ||
| 260 |
_bPearson Education _aNew Delhi _c2016 |
||
| 300 | _a944 | ||
| 650 | _aBB Computer | ||
| 700 | _aA. S. Willsky | ||
| 942 | _cBK | ||
| 999 |
_c15949 _d15949 |
||